| 000 | 00499nam a2200157Ia 4500 | ||
|---|---|---|---|
| 008 | 160316s1999 xxu||||| |||| 00| 0 eng d | ||
| 082 |
_a346.017000 _bZAA |
||
| 100 | _aZaal Frederick Noel | ||
| 245 | _aChildren and the Courts: How can we Improve the Availability and Dispositions of Legal Forums? | ||
| 250 | _a | ||
| 260 |
_aSouth Africa _bHershman and McFarlane _c1999 |
||
| 300 |
_a54 _b _c |
||
| 365 | _b | ||
| 650 | _a1. Children and the Courts 2. Disposition of Leagal Forums | ||
| 700 |
_a _a |
||
| 999 |
_c34322 _d34322 |
||